000 00455nam a2200157 i 4500
001 77071
003 ES-MaACL
005 20230906173058.0
007 t|
008 041006s1971 sp ||||1| spa d
100 1 _aGutiérrez Albelo, Emeterio.
_961082
245 1 3 _aEl rincón de la amistad /
_cE. Gutiérrez Albelo.
260 _aSanta Cruz de Tenerife :
_b[s.n.],
_c1971 (
_fAfra)
300 _a152 p. ;
_c22 cm.
852 _aES-MaACL
_jC-38694
_bR.78790
999 _c77071
_d77071